000 00339nam a22001337a 4500
020 _qPB.
040 _cFIZZA ISHAQ
082 _a616.8527
_bWIL
100 _aSTYRON,WILLIAM.
_9118304
245 _aDARKNESS VISIBLE A MEMOIR OF MADNESS /
_cWILLIAM STYRON.
260 _aNEW YORK ;
_bVINTAGE,
_c1990.
300 _a84 P. ;
942 _2ddc
_cBK
999 _c616297
_d616297